[Event "1. liga V 24/25, Hostalkova-Jundrov"]
[Site ""]
[Date "2025.02.16"]
[Round "8.7"]
[White "Bednarik, Josef"]
[Black "Kuchar, Matej"]
[Result "0-1"]
[WhiteFideId "359017"]
[BlackFideId "358207"]
[WhiteElo "2055"]
[BlackElo "2011"]
[PlyCount "0"]
[WhiteTeam "Sachy Hostalkova"]
[BlackTeam "Jezdci Jundrov"]
[EventDate "2024.10.20"]

1. d4 Nf6 2. c4 g6 3. Nc3 Bg7 4. e4 d6 5. Nf3 O-O 6. Be2 e5 7. dxe5 dxe5 8.
Qxd8 Rxd8 9. Bg5 Re8 10. Rd1 h6 11. Bh4 g5 12. Bg3 Nfd7 13. h3 c6 14. O-O a5
15. b3 Na6 16. Ne1 Nac5 17. Bg4 Nf8 18. Bxc8 Raxc8 19. Nd3 Nfd7 20. Nxc5 Nxc5
21. f3 Rcd8 22. Bf2 Bf8 23. Be3 Ne6 24. Bb6 Bc5+ 25. Bxc5 Nxc5 26. Rxd8 Rxd8
27. Rd1 Rxd1+ 28. Nxd1 h5 29. Nc3 Kf8 30. Kf2 Ke7 31. Ke3 Kd6 32. Ne2 Ne6 33.
Kd3 Kc5 34. Kc3 b5 35. cxb5 cxb5 36. a3 b4+ 37. axb4+ axb4+ 38. Kd2 Nf4 39.
Nc1 Nxg2 40. Nd3+ Kd6 41. Nxb4 Nf4 42. Ke3 Nxh3 43. Nd5 Nf4 44. Nf6 h4 45. Kf2
Ke6 0-1

[Event "1. liga V 24/25, Hostalkova-Jundrov"]
[Site ""]
[Date "2025.02.16"]
[Round "8.8"]
[White "Tovarek, Antonin"]
[Black "Krejca, Jakub"]
[Result "0-1"]
[WhiteFideId "384682"]
[BlackFideId "365777"]
[WhiteElo "1968"]
[BlackElo "2108"]
[PlyCount "0"]
[WhiteTeam "Jezdci Jundrov"]
[BlackTeam "Sachy Hostalkova"]
[EventDate "2024.10.20"]

1. e4 e6 2. c4 d5 3. cxd5 exd5 4. exd5 Nf6 5. Bb5+ Nbd7 6. Nc3 Bd6 7. Nf3 Qe7+
8. Qe2 Qxe2+ 9. Kxe2 O-O 10. Re1 Nb6 11. d4 Nbxd5 12. Bg5 c6 13. Ba4 Bg4 14.
h3 Rfe8+ 15. Kf1 Bxf3 16. gxf3 Rxe1+ 17. Rxe1 Kf8 18. Ne4 Be7 19. Nc5 Bxc5 20.
dxc5 Re8 21. a3 Rxe1+ 22. Kxe1 Nd7 23. b4 Ne5 24. Bd1 Nc3 25. Be2 f6 26. Bd2
Nxe2 27. Kxe2 Ke7 28. f4 Nc4 29. Bc1 Ke6 30. Kd3 Kd5 31. a4 a5 32. Kc3 f5 33.
h4 g6 34. bxa5 Kxc5 35. Kd3 Nxa5 36. Ba3+ Kd5 37. Bf8 c5 38. Kc3 Nc4 39. Be7
Nb6 40. a5 Nc8 41. Bd8 Kc6 42. Kb3 Kb5 43. Bc7 Ne7 44. a6 bxa6 45. Bd6 Nd5 46.
Be5 a5 47. Bd6 a4+ 48. Kc2 Nb4+ 49. Kc3 Kc6 50. Be5 Kd5 51. Bg7 Nc6 52. Bf6
Nd4 53. Be5 Nb5+ 54. Kd3 c4+ 55. Kc2 Ke4 0-1

[Event "1. liga V 24/25, SM-Trinec"]
[Site ""]
[Date "2025.02.16"]
[Round "8.1"]
[White "Svanda, Ondrej"]
[Black "Langner, Ladislav"]
[Result "1/2-1/2"]
[WhiteFideId "359670"]
[BlackFideId "300403"]
[WhiteElo "2383"]
[BlackElo "2370"]
[PlyCount "0"]
[WhiteTeam "SK Stare Mesto"]
[BlackTeam "TJ TZ Trinec"]
[EventDate "2024.10.20"]

1. d4 Nf6 2. c4 g6 3. Nf3 Bg7 4. g3 d5 5. cxd5 Nxd5 6. Bg2 Nb6 7. Nc3 Nc6 8.
e3 O-O 9. O-O Re8 10. h3 Bd7 11. Qc2 a5 12. Rd1 Qc8 13. Kh2 a4 14. Bd2 Nb4 15.
Qb1 Nc4 16. Be1 e5 17. dxe5 Nc6 18. Qc2 N6xe5 19. Nxe5 Rxe5 20. Nd5 Nxb2 21.
Bc3 Rxd5 22. Rxd5 a3 23. Bxg7 Kxg7 24. h4 Be6 25. Ra5 Rxa5 26. Qc3+ f6 27.
Qxa5 Nc4 28. Qb4 c6 29. Qe7+ Bf7 30. Rd1 Qe6 31. Qxb7 Ne5 32. Rd2 Qc4 33. Qb1
h5 34. Rc2 Qd3 35. Qc1 Bd5 36. Rd2 Qf5 37. Bxd5 cxd5 38. Qc7+ Kh6 39. Qd6
1/2-1/2

[Event "1. liga V 24/25, SM-Trinec"]
[Site ""]
[Date "2025.02.16"]
[Round "8.2"]
[White "Fargac, Martin"]
[Black "Hajek, Oskar"]
[Result "1-0"]
[WhiteFideId "345245"]
[BlackFideId "374512"]
[WhiteElo "2396"]
[BlackElo "2198"]
[PlyCount "0"]
[WhiteTeam "TJ TZ Trinec"]
[BlackTeam "SK Stare Mesto"]
[EventDate "2024.10.20"]

1. d4 Nf6 2. Bf4 d5 3. e3 c5 4. Nf3 Nc6 5. c3 Bf5 6. dxc5 e6 7. b4 Bxb1 8.
Rxb1 Ne4 9. Qc2 g5 10. Bg3 Bg7 11. Nd4 h5 12. Bb5 Rc8 13. f3 Nxg3 14. hxg3 Qc7
15. Bxc6+ bxc6 16. f4 Bxd4 17. cxd4 Ke7 18. Qe2 h4 19. Qg4 Rcg8 20. fxg5 hxg3
21. Rxh8 Rxh8 22. Ke2 Rg8 23. Kf3 e5 24. Qf5 e4+ 25. Kg4 Kf8 26. Rf1 Rg7 27.
Qe5 Qxe5 28. dxe5 Ke7 29. Rf6 Kd7 30. a4 a6 31. Kf4 Kc7 32. g6 fxg6 33. e6 Kd8
34. Rf7 Rg8 35. Ke5 Kc8 36. Kd6 Rd8+ 37. Kxc6 1-0

[Event "1. liga V 24/25, SM-Trinec"]
[Site ""]
[Date "2025.02.16"]
[Round "8.3"]
[White "Hlozek, Michal"]
[Black "Szotkowski, Jakub"]
[Result "0-1"]
[WhiteFideId "23706996"]
[BlackFideId "330590"]
[WhiteElo "2108"]
[BlackElo "2298"]
[PlyCount "0"]
[WhiteTeam "SK Stare Mesto"]
[BlackTeam "TJ TZ Trinec"]
[EventDate "2024.10.20"]

1. d4 Nf6 2. c4 c5 3. d5 b5 4. cxb5 a6 5. e3 g6 6. Nc3 Bg7 7. a4 O-O 8. e4 d6
9. Nf3 Nbd7 10. Ra3 axb5 11. Bxb5 Ba6 12. Bxa6 Rxa6 13. O-O Qa8 14. Qe2 Nb6
15. b3 Rc8 16. Be3 Ng4 17. Rc1 Nxe3 18. Qxe3 c4 19. Nd4 Bxd4 20. Qxd4 cxb3 21.
Rxb3 Nxa4 22. Rcb1 Nc5 23. Rb5 Nd7 24. Rb7 Qxb7 25. Rxb7 Ra1+ 26. Nd1 Rcc1 27.
Kf1 Rxd1+ 28. Qxd1 Rxd1+ 29. Ke2 Rd4 30. Rxd7 Rxe4+ 31. Kf3 Re5 32. Ra7 Kf8
33. Ra5 Kg7 34. Kg3 e6 35. f4 Rxd5 36. Ra3 h5 37. Kf3 Kf6 38. h3 Rd1 39. g4
hxg4+ 40. hxg4 g5 41. fxg5+ Kxg5 42. Ra8 d5 43. Rg8+ Kf6 44. g5+ Kf5 45. Rg7
f6 46. gxf6 Kxf6 47. Rh7 Re1 48. Rh4 Ke5 49. Ra4 Re4 50. Ra5 Rb4 51. Ke3 Rb3+
52. Kd2 Ke4 53. Ra6 e5 54. Rh6 Rb2+ 55. Kc3 Rf2 0-1

[Event "1. liga V 24/25, SM-Trinec"]
[Site ""]
[Date "2025.02.16"]
[Round "8.4"]
[White "Zvarik, Martin"]
[Black "Skalsky, Alexandr"]
[Result "1-0"]
[WhiteFideId "14908565"]
[BlackFideId "381799"]
[WhiteElo "2197"]
[BlackElo "2123"]
[PlyCount "0"]
[WhiteTeam "TJ TZ Trinec"]
[BlackTeam "SK Stare Mesto"]
[EventDate "2024.10.20"]

1. d4 g6 2. e4 Bg7 3. Nf3 d6 4. Bc4 Nf6 5. Qe2 Nc6 6. O-O Bg4 7. c3 O-O 8. h3
Bxf3 9. Qxf3 e5 10. Be3 exd4 11. cxd4 Nb4 12. Bb3 c6 13. a3 Na6 14. Nc3 Nc7
15. Rac1 d5 16. exd5 Ncxd5 17. Nxd5 Nxd5 18. Bxd5 cxd5 19. Rc5 Qb6 20. b4 Rad8
21. Rfc1 Rd7 22. Qf4 Qa6 23. Ra5 Qb6 24. Rcc5 Rfd8 25. Qf3 Qd6 26. Rxa7 b6 27.
Rxd7 Qxd7 28. Rc3 h5 29. Qd1 Re8 30. Qc2 Re4 31. Rc8+ Kh7 32. Rc7 Qf5 33. Qd2
Qe6 34. a4 g5 35. Qc2 Qg6 36. Rc6 Re6 37. Qxg6+ Kxg6 38. Rxe6+ fxe6 39. a5
bxa5 40. bxa5 1-0

[Event "1. liga V 24/25, SM-Trinec"]
[Site ""]
[Date "2025.02.16"]
[Round "8.5"]
[White "Worek, Joanna"]
[Black "Tymrakiewicz, Rafal"]
[Result "1/2-1/2"]
[WhiteFideId "1118080"]
[BlackFideId "1108832"]
[WhiteElo "2218"]
[BlackElo "2186"]
[PlyCount "0"]
[WhiteTeam "SK Stare Mesto"]
[BlackTeam "TJ TZ Trinec"]
[EventDate "2024.10.20"]

1. e4 e6 2. d4 d5 3. e5 c5 4. c3 Ne7 5. Bd3 Nbc6 6. Nf3 cxd4 7. cxd4 Nf5 8.
Bxf5 exf5 9. Nc3 Be6 10. h4 Rc8 11. Kf1 a6 12. g3 h6 1/2-1/2

[Event "1. liga V 24/25, SM-Trinec"]
[Site ""]
[Date "2025.02.16"]
[Round "8.6"]
[White "Pilch, Roman"]
[Black "Babula, Matej"]
[Result "1/2-1/2"]
[WhiteFideId "337870"]
[BlackFideId "398322"]
[WhiteElo "2160"]
[BlackElo "2102"]
[PlyCount "0"]
[WhiteTeam "TJ TZ Trinec"]
[BlackTeam "SK Stare Mesto"]
[EventDate "2024.10.20"]

1.c4 Nf6 2.Nc3 e6 3.Nf3 Bb4 4.a3 Bxc3 5.bxc3 b6 6.g3 Bb7 7.d3 O-O 8.Bg2 d6
9.O-O Nbd7 10.e4 Nc5 11.Qc2 Qd7 12.Nd2 Qa4 13.Qb1 e5 14.f4 Ba6 15.Ra2 b5 16.d4
Ncd7 17.Qb4 c5 18.Qxa4 bxa4 19.Re1 Rab8 20.d5 Rfe8 21.f5 Nb6 22.Bf1 g6 23.fxg6
fxg6 24.Be2 Rf8 25.Rf1 h5 26.h3 Nh7 27.Rb2 Ng5 28.h4 Rxf1+ 29. Bxf1 Nf7 30.Nf3
Nd7 31.Rxb8+ Nxb8 32.Bg5 Nd7 33.Be7 Nb6 34.Nd2 Kg7 35.Kf2
Nc8 1/2-1/2

[Event "1. liga V 24/25, SM-Trinec"]
[Site ""]
[Date "2025.02.16"]
[Round "8.7"]
[White "Vrana, Frantisek"]
[Black "Schoupal, Patrik"]
[Result "1-0"]
[WhiteFideId "302066"]
[BlackFideId "320374"]
[WhiteElo "2115"]
[BlackElo "1936"]
[PlyCount "0"]
[WhiteTeam "SK Stare Mesto"]
[BlackTeam "TJ TZ Trinec"]
[EventDate "2024.10.20"]

1. e4 e5 2. Nf3 Nc6 3. Bb5 f5 4. d3 fxe4 5. dxe4 Nf6 6. O-O d6 7. Nfd2 Be7 8.
Nc3 O-O 9. Nd5 Nxd5 10. Bc4 Kh8 11. Bxd5 Bf6 12. a4 Ne7 13. Bb3 Qe8 14. Nc4
Ng6 15. Qh5 Qe7 16. Ra3 Bd7 17. Ba2 Nh4 18. Ne3 Be8 19. Qg4 Bd7 20. Qh5 Be8
21. Qd1 Bf7 22. Nd5 Bxd5 23. Bxd5 c6 24. Ba2 Rad8 25. Be3 d5 26. exd5 Qb4 27.
Bc1 e4 28. Rh3 cxd5 29. Bxd5 Bd4 30. c4 Qc5 31. Qe1 Nf5 32. b4 Qc7 33. Qxe4
Rde8 34. Qc2 Qe5 35. Rf3 Qe1 36. Bd2 Qe5 37. Bf4 Qe1 38. h3 Qxb4 39. Bd2 Qb2
40. Qd3 Nh4 41. Rxf8+ Rxf8 42. g3 Ng6 43. Be3 Bxe3 44. Qxe3 b6 45. Re1 Qb4 46.
h4 Rd8 47.Qe6 h5 48. Re3 Qd6 49. Qf5 Nf8 50. Qxh5+ Qh6 51. Qf7 Ng6 52. Re8+ 1-0

[Event "1. liga V 24/25, SM-Trinec"]
[Site ""]
[Date "2025.02.16"]
[Round "8.8"]
[White "Boff, Ondrej"]
[Black "Stuchly, Ondrej"]
[Result "0-1"]
[WhiteFideId "23733950"]
[BlackFideId "350664"]
[WhiteElo "1918"]
[BlackElo "2070"]
[PlyCount "0"]
[WhiteTeam "TJ TZ Trinec"]
[BlackTeam "SK Stare Mesto"]
[EventDate "2024.10.20"]

1. e4 e6 2. d4 d5 3. Bd3 dxe4 4. Bxe4 Nf6 5. Bf3 c5 6. Ne2 Be7 7. O-O O-O 8.
Nbc3 Nc6 9. Be3 cxd4 10. Nxd4 Ne5 11. Qe2 Nxf3+ 12. Nxf3 Qa5 13. a3 b6 14.
Rfd1 Ba6 15. Qe1 Bb7 16. Qe2 Nd5 17. Nxd5 Bxd5 18. b4 Qa4 19. c4 Bb7 20. Bd4
Rac8 21. Bb2 Bxf3 22. gxf3 Rfd8 23. Rxd8+ Rxd8 24. Kh1 Qc6 25. Rg1 f6 26. Rg3
Kf7 27. Qc2 Bd6 28. Rh3 h6 29. Kg2 Bf4 30. Bc1 Bxc1 31. Qxc1 Rd4 32. c5 bxc5
33. bxc5 Rd5 34. Qb1 Rg5+ 35. Rg3 Qxc5 36. Qd3 Qd5 37. Qc2 a5 38. Qc7+ Kg6 39.
Qc2+ f5 40. h4 Rxg3+ 41. fxg3 Kf6 42. Qc8 Qa2+ 43. Kh3 Qxa3 44. f4 Qf3 45.
Qf8+ Kg6 46. Kh2 Qf2+ 0-1

[Event "1. liga V 24/25, Duras-Morenda"]
[Site ""]
[Date "2025.02.16"]
[Round "8.1"]
[White "Blahynka, Martin"]
[Black "Polak, Tomas"]
[Result "1/2-1/2"]
[WhiteFideId "334766"]
[BlackFideId "300560"]
[WhiteElo "2377"]
[BlackElo "2463"]
[PlyCount "0"]
[WhiteTeam "Duras Charlie's Street Brno"]
[BlackTeam "Moravska Slavia Brno B"]
[EventDate "2024.10.20"]

1. d4 Nf6 2. Bf4 c5 3. d5 d6 4. Nc3 g6 5. e4 Bg7 6. Be2 O-O 7. a4 Na6 8. Nf3
Nb4 9. Nd2 e6 10. Nc4 exd5 11. exd5 Bf5 12. Ne3 Re8 13. Nxf5 gxf5 14. Bg5 h6
15. Bh4 Qa5 16. Bxf6 Bxf6 17. O-O Bxc3 18. bxc3 Nxd5 19. Qxd5 Rxe2 20. Rab1
Rae8 21. Rxb7 R8e7 22. Rxe7 Rxe7 23. Qxd6 Re6 24. Qg3+ Kf8 25. h3 Qxa4 26. Rb1
f4 27. Qd3 Kg7 28. Qf5 Qc4 29. Rb7 Rf6 30. Qe5 f3 31. Qg3+ Rg6 32. Qxf3 a5 33.
Qd3 Qxd3 34. cxd3 Rd6 35. Rb5 Rxd3 36. Rxc5 a4 37. Ra5 Rxc3 38. Rxa4 Rb3 39.
Kh2 Rc3 40. Rb4 Ra3 41. Rb5 Rc3 42. g4 Kg6 43. Kg2 Ra3 44. f3 Ra2+ 45. Kg3 Ra3
46. h4 Rc3 47. Kf4 Rc4+ 48. Ke5 Rc3 49. h5+ Kg7 50. f4 Rg3 51. Kf5 Rh3 52. Rb4
Rh4 53. Ra4 Rh1 54. Ke5 Re1+ 55. Re4 Ra1 56. Rd4 Re1+ 57. Re4 1/2-1/2

[Event "1. liga V 24/25, Duras-Morenda"]
[Site ""]
[Date "2025.02.16"]
[Round "8.2"]
[White "Kociscak, Jiri"]
[Black "Vyskocil, Neklan"]
[Result "1/2-1/2"]
[WhiteFideId "322121"]
[BlackFideId "307106"]
[WhiteElo "2478"]
[BlackElo "2270"]
[PlyCount "0"]
[WhiteTeam "Moravska Slavia Brno B"]
[BlackTeam "Duras Charlie's Street Brno"]
[EventDate "2024.10.20"]

1. d4 Nf6 2. c4 e6 3. Nf3 d5 4. g3 c5 5. cxd5 Nxd5 6. Bg2 cxd4 7. Nxd4 Bb4+ 8.
Bd2 Qb6 9. Bxd5 Qxd4 10. Bg2 O-O 11. Qb3 Nc6 12. O-O Bxd2 13. Rd1 Na5 14. Qc2
Rb8 15. Nxd2 b6 16. e3 Qc5 17. Qa4 Qe7 18. Nf3 Bb7 19. Ne5 Bxg2 20. Kxg2 Rbd8
21. Nd7 Rfe8 22. Rac1 Rc8 23. Kg1 h6 24. Ne5 Rxc1 25. Rxc1 Rd8 26. b4 Qd6 27.
Nxf7 Kxf7 28. bxa5 Qd2 29. Rc7+ Kg8 30. axb6 axb6 31. Qc4 Qd1+ 32. Kg2 Qd5+
33. Qxd5 exd5 34. Rc6 Ra8 35. Rxb6 Rxa2 36. Rd6 Ra5 37. Rd7 Kh7 38. h4 Kg6 39.
g4 h5 40. gxh5+ Kxh5 41. Rxg7 Kxh4 42. Kf3 Ra6 43. Kf4 Rf6+ 44. Ke5 Rxf2 45.
Kxd5 Rf8 46. e4 Rd8+ 47. Ke6 Re8+ 48. Re7 Ra8 49. e5 Kg5 50. Rg7+ Kf4 51. Rf7+
Kg5 52. Rd7 Ra6+ 53. Rd6 Ra5 54. Rd5 Ra7 55. Rd7 Ra6+ 56. Rd6 Ra5 57. Rc6 Kf4
58. Rc4+ Kg5 59. Rc1 Ra6+ 60. Kd5 Ra5+ 61. Kd6 Ra6+ 62. Rc6 Ra7 63. Ke6 Kg6
64. Rd6 Kg5 65. Rd7 Ra6+ 66. Kf7 Kf5 67. Re7 Rh6 68. e6 Rf6+ 1/2-1/2

[Event "1. liga V 24/25, Duras-Morenda"]
[Site ""]
[Date "2025.02.16"]
[Round "8.3"]
[White "Chytilek, Roman"]
[Black "Zeman, Matyas"]
[Result "1/2-1/2"]
[WhiteFideId "304980"]
[BlackFideId "364398"]
[WhiteElo "2301"]
[BlackElo "2320"]
[PlyCount "0"]
[WhiteTeam "Duras Charlie's Street Brno"]
[BlackTeam "Moravska Slavia Brno B"]
[EventDate "2024.10.20"]

1. d4 d5 2. Nc3 Nf6 3. Bf4 e6 4. e3 Bb4 5. Nge2 O-O 6. a3 Be7 7. Ng3 c5 8.
dxc5 Bxc5 9. Bd3 Nc6 10. e4 d4 11. Nce2 e5 12. Bd2 Be6 13. O-O Ne7 14. b4
1/2-1/2

[Event "1. liga V 24/25, Duras-Morenda"]
[Site ""]
[Date "2025.02.16"]
[Round "8.4"]
[White "Holemar, David"]
[Black "Vadila, Ondrej"]
[Result "1/2-1/2"]
[WhiteFideId "307009"]
[BlackFideId "14944642"]
[WhiteElo "2150"]
[BlackElo "2176"]
[PlyCount "0"]
[WhiteTeam "Moravska Slavia Brno B"]
[BlackTeam "Duras Charlie's Street Brno"]
[EventDate "2024.10.20"]

1. d4 Nf6 2. Nf3 c5 3. c3 e6 4. Bg5 cxd4 5. Bxf6 Qxf6 6. cxd4 Qd8 7. e3 Be7 8.
Bd3 b6 9. Nc3 Bb7 10. Rc1 h6 11. a3 a6 12. d5 Bf6 13. Be4 O-O 14. Nd4 Ra7 15.
O-O g6 16. Qf3 e5 17. Nde2 d6 18. Bb1 1/2-1/2

[Event "1. liga V 24/25, Duras-Morenda"]
[Site ""]
[Date "2025.02.16"]
[Round "8.5"]
[White "Tajovsky, Matej"]
[Black "Lintner, Igor"]
[Result "0-1"]
[WhiteFideId "384780"]
[BlackFideId "14932970"]
[WhiteElo "2062"]
[BlackElo "2164"]
[PlyCount "0"]
[WhiteTeam "Duras Charlie's Street Brno"]
[BlackTeam "Moravska Slavia Brno B"]
[EventDate "2024.10.20"]

1. e4 c5 2. Nf3 e6 3. d4 cxd4 4. Nxd4 a6 5. c4 b6 6. Nc3 Bb7 7. a3 d6 8. Be3
Nf6 9. f3 Be7 10. Be2 O-O 11. O-O Nbd7 12. Rc1 Rc8 13. b4 Qc7 14. Qb3 Qb8 15.
Rfd1 Bd8 16. Na4 Bc7 17. h3 Kh8 18. Qb2 Rfe8 19. Nb3 d5 20. c5 dxe4 21. Nxb6
exf3 22. Bxf3 Nxb6 23. cxb6 Bxb6 24. Bxb6 Bxf3 25. gxf3 Qxb6+ 26. Kg2 Nd5 27.
Rd4 Ne3+ 28. Kh1 Nf5 29. Rg4 Qe3 30. Nd2 Rxc1+ 31. Qxc1 Rd8 0-1

[Event "1. liga V 24/25, Duras-Morenda"]
[Site ""]
[Date "2025.02.16"]
[Round "8.6"]
[White "Bures, Vit"]
[Black "Zuziak, Petr"]
[Result "1/2-1/2"]
[WhiteFideId "309052"]
[BlackFideId "366080"]
[WhiteElo "2215"]
[BlackElo "1918"]
[PlyCount "0"]
[WhiteTeam "Moravska Slavia Brno B"]
[BlackTeam "Duras Charlie's Street Brno"]
[EventDate "2024.10.20"]

1. d4 Nf6 2. c4 e6 3. Nc3 Bb4 4. e3 O-O 5. Nge2 d5 6. a3 Be7 7. cxd5 exd5 8.
Nf4 Re8 9. Bd3 c6 10. O-O Nbd7 11. f3 Nf8 12. Bc2 Bd6 13. Kh1 Qc7 14. Qd2 Bd7
15. e4 Bxf4 16. Qxf4 Qxf4 17. Bxf4 Ng6 18. Bg5 Be6 19. e5 Nd7 20. f4 h6 21.
Bxh6 gxh6 22. f5 Bxf5 23. Rxf5 Re7 24. Raf1 Ndf8 25. Rf6 Kg7 26. g3 Ne6 27.
Ne2 Rc8 28. Bxg6 fxg6 29. Kg2 1/2-1/2

[Event "1. liga V 24/25, Duras-Morenda"]
[Site ""]
[Date "2025.02.16"]
[Round "8.7"]
[White "Luc, Martin"]
[Black "Vechet, Stanislav"]
[Result "1/2-1/2"]
[WhiteFideId "390356"]
[BlackFideId "302473"]
[WhiteElo "1921"]
[BlackElo "2146"]
[PlyCount "0"]
[WhiteTeam "Duras Charlie's Street Brno"]
[BlackTeam "Moravska Slavia Brno B"]
[EventDate "2024.10.20"]

1. e4 e5 2. Bc4 Nc6 3. Nc3 Bc5 4. Qg4 g6 5. Qg3 d6 6. Nge2 h6 7. d3 Nf6 8. Na4
Qe7 9. Nxc5 dxc5 10. Bb5 Bd7 11. Bxc6 Bxc6 12. f4 Nh5 1/2-1/2

[Event "1. liga V 24/25, Morenda-Chotebor"]
[Site ""]
[Date "2025.03.02"]
[Round "9.1"]
[White "Polak, Tomas"]
[Black "Brozka, Karel"]
[Result "1-0"]
[WhiteFideId "300560"]
[BlackFideId "398705"]
[WhiteElo "2469"]
[BlackElo "2321"]
[PlyCount "0"]
[WhiteTeam "Moravska Slavia Brno B"]
[BlackTeam "TJ CHS Chotebor"]
[EventDate "2024.10.20"]

1. Nf3 Nf6 2. c4 e6 3. Nc3 Bb4 4. Qb3 c5 5. g3 Nc6 6. Bg2 Na5 7. Qc2 Nxc4 8. a3
Ba5 9. b4 Nxa3 10. Rxa3 cxb4 11. Nb5 O-O 12. Ra1 Bb6 13. Bb2 d6 14. Ng5 e5 15.
d4 h6 16. Ne4 Bf5 17. dxe5 dxe5 18. O-O Qd7 19. Nxf6+ gxf6 20. Rfd1 Qe6 21. Qa4
Qc4 22. Rd2 Qc5 23. e3 Rfd8 24. Rxd8+ Rxd8 25. Rc1 Qe7 26. Nxa7 Ra8 27. Nc6 Qf8
28. Ne7+ Kh8 29. Qxb4 Ba5 30. Qd6 Ra6 31. Ng6+ 1-0

[Event "1. liga V 24/25, Morenda-Chotebor"]
[Site ""]
[Date "2025.03.02"]
[Round "9.2"]
[White "Vesely, Vitek"]
[Black "Zeman, Matyas"]
[Result "0-1"]
[WhiteFideId "348880"]
[BlackFideId "364398"]
[WhiteElo "2175"]
[BlackElo "2310"]
[PlyCount "0"]
[WhiteTeam "TJ CHS Chotebor"]
[BlackTeam "Moravska Slavia Brno B"]
[EventDate "2024.10.20"]

1. d4 d5 2. c4 e6 3. Nf3 Nf6 4. e3 Nbd7 5. b3 Bb4+ 6. Bd2 Be7 7. Bd3 O-O 8. O-O
b6 9. Nc3 Bb7 10. cxd5 exd5 11. Bc1 a6 12. Bb2 Bd6 13. Rc1 Re8 14. Ne2 Ne4 15.
Qc2 Rc8 16. Ng3 g6 17. Qe2 Ra8 18. Rc2 f6 19. Rfc1 Nf8 20. Nf1 Ne6 21. Ng3 N4g5
22. Qd1 Qd7 23. Nh4 Nf8 24. Nf1 Qg7 25. Ng3 Qh6 26. Nf3 Re7 27. a4 Nfe6 28. Nd2
f5 29. f4 Ne4 30. Nf3 Rf8 31. Ne5 Rg7 32. Bxe4 fxe4 33. Rf2 Qh4 34. Qe2 c5 35.
f5 cxd4 36. exd4 Nf4 37. Rxf4 Qxf4 38. Rf1 Qh4 39. Bc1 Bc8 40. fxg6 Rxf1+ 41.
Qxf1 hxg6 42. Be3 Rh7 43. Qc1 Qxh2+ 44. Kf2 Rc7 45. Qd1 Bxe5 46. dxe5 Rf7+ 47.
Ke1 Qxg3+ 48. Bf2 Qxf2# 0-1

[Event "1. liga V 24/25, Morenda-Chotebor"]
[Site ""]
[Date "2025.03.02"]
[Round "9.3"]
[White "Roubalik, Jakub"]
[Black "Lang, Simon"]
[Result "1-0"]
[WhiteFideId "322237"]
[BlackFideId "23712449"]
[WhiteElo "2325"]
[BlackElo "2205"]
[PlyCount "0"]
[WhiteTeam "Moravska Slavia Brno B"]
[BlackTeam "TJ CHS Chotebor"]
[EventDate "2024.10.20"]

1. d4 Nf6 2. c4 e6 3. Nc3 d5 4. Nf3 Be7 5. Bg5 h6 6. Bxf6 Bxf6 7. e3 b6 8. cxd5
exd5 9. Bd3 O-O 10. Rc1 Bb7 11. O-O c6 12. Re1 Nd7 13. e4 dxe4 14. Nxe4 Be7 15.
Bb1 Nf6 16. Qd3 g6 17. Ne5 Nd5 18. Qh3 Bg5 19. Rcd1 Kg7 20. g3 Re8 21. f4 Bf6
22. Nxf7 Kxf7 23. Qxh6 Rg8 24. Ng5+ Bxg5 25. fxg5 Rg7 26. Bxg6+ Kg8 27. Re8+
Qxe8 28. Bxe8 Rxe8 29. Rf1 Re2 30. Qd6 Rge7 31. Qb8+ Kh7 32. Qf8 Re1 33. Qh6+
Kg8 34. Qf8+ Kh7 35. Rxe1 Rxe1+ 36. Kf2 Re7 37. h4 Kg6 38. Qh6+ Kf5 39. g6 Ke4
40. g7 Rf7+ 41. Kg1 Ba6 42. Qe6+ 1-0

[Event "1. liga V 24/25, Morenda-Chotebor"]
[Site ""]
[Date "2025.03.02"]
[Round "9.4"]
[White "Ondracek, Ondrej"]
[Black "Holemar, David"]
[Result "1/2-1/2"]
[WhiteFideId "325708"]
[BlackFideId "307009"]
[WhiteElo "2096"]
[BlackElo "2208"]
[PlyCount "0"]
[WhiteTeam "TJ CHS Chotebor"]
[BlackTeam "Moravska Slavia Brno B"]
[EventDate "2024.10.20"]

1. e4 c5 2. Nf3 Nc6 3. d4 cxd4 4. Nxd4 e5 5. Nb5 d6 6. a4 Be7 7. N1c3 a6 8. Na3
Nf6 9. Bg5 Bg4 10. f3 Be6 11. Bxf6 Bxf6 12. Nd5 Qa5+ 13. c3 Bxd5 14. exd5 Ne7
15. Bc4 O-O 16. Qb3 Bg5 17. O-O Nf5 18. Nc2 Rab8 19. Bd3 Ne3 20. Nxe3 Bxe3+ 21.
Kh1 f5 22. Qc2 g6 23. Rae1 Bh6 24. Rd1 Kg7 25. b4 Qc7 26. a5 Rbc8 27. c4 Be3
28. Rfe1 f4 29. g4 Qe7 30. Re2 Qh4 31. Rg2 Qh3 32. Qe2 Rc7 33. Qf1 Rfc8 34. Rc2
Qh4 35. Qg2 Kf6 36. Rf1 Rg7 37. Rd1 h5 38. Be4 hxg4 1/2-1/2

[Event "1. liga V 24/25, Morenda-Chotebor"]
[Site ""]
[Date "2025.03.02"]
[Round "9.5"]
[White "Bures, Vit"]
[Black "Tuma, Jiri"]
[Result "1/2-1/2"]
[WhiteFideId "309052"]
[BlackFideId "318337"]
[WhiteElo "2227"]
[BlackElo "2260"]
[PlyCount "0"]
[WhiteTeam "Moravska Slavia Brno B"]
[BlackTeam "TJ CHS Chotebor"]
[EventDate "2024.10.20"]

1. d4 d5 2. c4 c6 3. Nc3 Nf6 4. e3 e6 5. Nf3 Nbd7 6. Bd3 dxc4 7. Bxc4 b5 8. Bd3
Bb7 9. e4 b4 10. Na4 c5 11. e5 Nd5 12. O-O cxd4 13. Re1 g6 14. Bg5 Qa5 15. Nxd4
a6 16. a3 bxa3 17. Bd2 Bb4 18. Bxb4 Qxb4 19. Be4 a2 20. Rxa2 O-O 21. Nc3 Nxc3
22. bxc3 Qb6 23. Bxb7 Qxb7 24. Nf3 Rfd8 25. Qc1 Qc7 26. Ra4 Rac8 27. Qh6 Qxc3
28. h3 Nf8 29. Rxa6 Ra8 1/2-1/2

[Event "1. liga V 24/25, Morenda-Chotebor"]
[Site ""]
[Date "2025.03.02"]
[Round "9.6"]
[White "Vala, Filip"]
[Black "Kupsa, Matej"]
[Result "1/2-1/2"]
[WhiteFideId "325490"]
[BlackFideId "374040"]
[WhiteElo "2103"]
[BlackElo "2100"]
[PlyCount "0"]
[WhiteTeam "TJ CHS Chotebor"]
[BlackTeam "Moravska Slavia Brno B"]
[EventDate "2024.10.20"]

1. d4 Nf6 2. Nf3 d5 3. c4 e6 4. Nc3 c5 5. cxd5 Nxd5 6. e4 Nxc3 7. bxc3 cxd4 8.
cxd4 Bb4+ 9. Bd2 Bxd2+ 10. Qxd2 O-O 11. Bc4 Nc6 12. O-O b6 13. Rfd1 Bb7 14. Qe2
Rc8 15. Rac1 Qe7 16. Ba6 Nb8 17. Bxb7 Qxb7 18. Rxc8 Rxc8 19. d5 Nd7 20. dxe6
fxe6 21. Ng5 Nc5 22. Qd2 Qe7 23. e5 h6 24. Nf3 Rc7 25. Qd8+ Qxd8 26. Rxd8+ Kf7
27. Kf1 Ke7 28. Rg8 Kf7 29. Rd8 Ke7 30. Rg8 Kf7 31. Rd8 1/2-1/2

[Event "1. liga V 24/25, Morenda-Chotebor"]
[Site ""]
[Date "2025.03.02"]
[Round "9.7"]
[White "Vechet, Stanislav"]
[Black "Sukdolak, Radek"]
[Result "0-1"]
[WhiteFideId "302473"]
[BlackFideId "361283"]
[WhiteElo "2125"]
[BlackElo "2007"]
[PlyCount "0"]
[WhiteTeam "Moravska Slavia Brno B"]
[BlackTeam "TJ CHS Chotebor"]
[EventDate "2024.10.20"]

1. d4 d5 2. c4 e6 3. Nc3 Nf6 4. Bg5 Be7 5. e3 h6 6. Bxf6 Bxf6 7. Rc1 c6 8. Nf3
O-O 9. Bd3 Re8 10. O-O dxc4 11. Bxc4 Nd7 12. Ne4 Be7 13. Qd3 Nf6 14. Ne5 Nd5
15. a3 Bd6 16. Nxd6 Qxd6 17. Ba2 Rd8 18. f4 f5 19. Rf3 Qf8 20. g4 fxg4 21. Nxg4
Qf5 22. Ne5 Qxd3 23. Nxd3 Bd7 24. e4 Nc7 25. Nc5 Rab8 26. f5 Kh7 27. fxe6 Be8
28. d5 cxd5 29. e7 Rd6 30. e5 Rc6 31. Bb1+ Bg6 32. Bxg6+ Kxg6 33. Rf8 Re8 34.
Kf2 Rxe7 35. Rg1+ Kh7 36. Nd3 Rc2+ 37. Kg3 Rd2 38. Rf3 Ne6 39. Rg2 Rd1 40. Nf2
Rd4 41. Rg1 g5 42. Rd3 Kg6 43. Rgd1 Rxd3+ 44. Nxd3 Kf5 45. Kf3 d4 46. Ke2 Ke4
47. Kd2 Nf4 48. Re1+ Kf5 49. Rf1 b6 50. h4 a5 51. hxg5 hxg5 52. b4 Ke4 53. Re1+
Kd5 54. bxa5 bxa5 55. Rb1 Nxd3 56. Kxd3 Rxe5 57. Rb5+ Kd6 58. Rb1 Re3+ 59. Kxd4
Rxa3 60. Rb6+ Ke7 61. Rg6 g4 62. Ke5 g3 0-1